[Event "41st Olympiad Women 2014"]
[Site "Tromso NOR"]
[Date "2014.08.06"]
[Round "5.45"]
[Board "4"]
[White "Gray, Krishna"]
[Black "Timergazi, Layla"]
[Result "0-1"]
[WhiteElo "1728"]
[BlackElo "1874"]
[WhiteTeam "Jamaica"]
[BlackTeam "New Zealand"]
[WhiteFideId "7400659"]
[BlackFideId "4303733"]
[EventDate "2014.08.02"]

1. d4 d5 2. Nf3 Nf6 3. e3 Bf5 4. c4 c6 5. Nc3 e6 6. Nh4 Bg6 7. Nxg6 hxg6 8. g3
Bb4 9. Bd2 Nbd7 10. b3 Qe7 11. Bg2 a5 12. Qe2 Rc8 13. O-O b6 14. Rfe1 e5 15.
cxd5 Bxc3 16. Bxc3 Nxd5 17. Bb2 e4 18. Qg4 N5f6 19. Qf4 Rh5 20. Rac1 g5 21. g4
gxf4 22. gxh5 f3 23. Bh3 Nxh5 24. Kh1 Qh4 0-1

[Event "41st Olympiad Women 2014"]
[Site "Tromso NOR"]
[Date "2014.08.06"]
[Round "5.46"]
[Board "1"]
[White "Al-Zarouni, Kholoud Essa"]
[Black "Soondarsingh, Aditi"]
[Result "0-1"]
[WhiteTitle "WIM"]
[BlackTitle "WCM"]
[WhiteElo "1862"]
[BlackElo "1747"]
[WhiteTeam "United Arab Emirates"]
[BlackTeam "Trinidad & Tobago"]
[WhiteFideId "9301194"]
[BlackFideId "7700598"]
[EventDate "2014.08.02"]

1. e4 c5 2. c3 Qa5 3. Na3 Nc6 4. Nf3 e6 5. Nc4 Qc7 6. d4 cxd4 7. cxd4 b5 8. Ne3
Nf6 9. Bd3 Nb4 10. O-O Nxd3 11. Qxd3 a6 12. Bd2 Bb7 13. e5 Ne4 14. d5 Nxd2 15.
Qxd2 g6 16. d6 Qd8 17. Ng4 Bg7 18. Qf4 Rc8 19. Rac1 h5 20. Ng5 O-O 21. Nf6+ Bxf6
22. exf6 Rc4 23. Rxc4 bxc4 24. Re1 Qa5 25. Re5 Qxa2 26. h3 Qxb2 27. Ne4 Kh7 28.
Ng5+ Kg8 29. Re1 c3 30. Ne4 Kh7 31. Ng3 Qb5 32. Re5 Qc6 33. f3 c2 34. Ne2 Rc8
35. Nc1 Qc3 36. Rxh5+ gxh5 37. Qg5 Qc5+ 0-1

[Event "41st Olympiad Women 2014"]
[Site "Tromso NOR"]
[Date "2014.08.06"]
[Round "5.46"]
[Board "2"]
[White "Johnson, Gabriella"]
[Black "Nouman, Amna"]
[Result "0-1"]
[BlackTitle "WIM"]
[WhiteElo "1634"]
[BlackElo "1869"]
[WhiteTeam "Trinidad & Tobago"]
[BlackTeam "United Arab Emirates"]
[WhiteFideId "7701128"]
[BlackFideId "9301500"]
[EventDate "2014.08.02"]

1. e4 e5 2. Nf3 Nc6 3. Bc4 Bc5 4. c3 Nf6 5. d4 exd4 6. cxd4 Bb4+ 7. Nc3 Nxe4 8.
O-O Bxc3 9. d5 Bf6 10. Re1 Ne7 11. Rxe4 d6 12. g4 h6 13. h4 Kf8 14. g5 hxg5 15.
hxg5 Be5 16. Rxe5 Qd7 17. Re4 Qh3 18. Rh4 Rxh4 19. Nxh4 Qxh4 20. Bb3 Bg4 21. Qd3
Nf5 22. Bd1 Bxd1 23. Qxd1 Re8 24. Bd2 Nd4 25. Be3 Re4 26. Bxd4 Rxd4 27. Qf3
Qxg5+ 28. Kf1 Qxd5 29. Qh3 Qc4+ 30. Kg2 Rg4+ 31. Kh2 Rh4 32. Qxh4 Qxh4+ 0-1

[Event "41st Olympiad Women 2014"]
[Site "Tromso NOR"]
[Date "2014.08.06"]
[Round "5.46"]
[Board "4"]
[White "Rahaman, Najarah"]
[Black "Abeer, Ali"]
[Result "0-1"]
[WhiteElo "1478"]
[BlackElo "1657"]
[WhiteTeam "Trinidad & Tobago"]
[BlackTeam "United Arab Emirates"]
[WhiteFideId "7702442"]
[BlackFideId "9302930"]
[EventDate "2014.08.02"]

1. c4 e6 2. b3 d5 3. Bb2 Nf6 4. g3 c6 5. Bg2 Nbd7 6. Nf3 Be7 7. O-O O-O 8. d3 b6
9. Nbd2 Bb7 10. a3 c5 11. Rc1 d4 12. e3 e5 13. e4 h6 14. Nh4 Nh7 15. Ndf3 Ng5
16. Rb1 Nxf3+ 17. Qxf3 Bxh4 18. gxh4 Qxh4 19. Qg3 Qxg3 20. fxg3 Nf6 21. Rbe1 Bc6
22. Bc1 a6 23. Bxh6 Ng4 24. Bd2 b5 25. Bh3 Bd7 26. Rb1 Ra7 27. b4 Ne3 28. Bxd7
Nxf1 29. Rxf1 Rxd7 30. bxc5 bxc4 31. Bb4 Rc8 32. dxc4 a5 33. Bxa5 Rxc5 34. Bb4
Rxc4 35. Rd1 d3 36. Kf1 Rxe4 37. Bc3 f6 38. Rd2 Rc4 39. Ba5 e4 40. Kf2 Rc2 41.
Ke3 f5 42. Bb4 Kh7 43. h3 g5 44. a4 Rb7 45. Ba3 Rb3 46. Be7 Kg6 47. Bd6 Rbb2 48.
Be5 Rxd2 49. Bxb2 Rxb2 50. Kd4 0-1

[Event "41st Olympiad Women 2014"]
[Site "Tromso NOR"]
[Date "2014.08.06"]
[Round "5.48"]
[Board "1"]
[White "Caxita, Esperanca"]
[Black "Zepeda, Lorena"]
[Result "0-1"]
[WhiteTitle "WIM"]
[BlackTitle "WIM"]
[WhiteElo "1727"]
[BlackElo "2158"]
[WhiteTeam "Angola"]
[BlackTeam "El Salvador"]
[WhiteFideId "10100903"]
[BlackFideId "6700233"]
[EventDate "2014.08.02"]

1. e4 c5 2. Nf3 d6 3. Bc4 Nf6 4. Nc3 a6 5. d4 cxd4 6. Nxd4 e6 7. O-O Be7 8. Be3
O-O 9. f3 b5 10. Bd3 Bb7 11. Kh1 Nbd7 12. a3 d5 13. exd5 Nxd5 14. Nxd5 Bxd5 15.
c3 Ne5 16. Be4 Nc4 17. Bc1 Bxe4 18. fxe4 Bc5 19. b3 Ne5 20. Be3 Rc8 21. b4 Bb6
22. Qe1 Nc4 23. Rd1 Nxe3 24. Qxe3 e5 25. Qd3 exd4 26. cxd4 Rc4 27. d5 Qd6 28.
Rde1 f6 29. Rf3 Bd4 30. Rh3 Be5 31. Qd1 g6 32. Qg4 f5 33. Qh4 Rf7 34. g3 fxe4
35. Rd1 e3 36. g4 e2 37. Kg1 0-1

[Event "41st Olympiad Women 2014"]
[Site "Tromso NOR"]
[Date "2014.08.06"]
[Round "5.48"]
[Board "2"]
[White "Sanchez, Ingrid"]
[Black "Domingos, Maria M"]
[Result "0-1"]
[WhiteTitle "WFM"]
[WhiteElo "2020"]
[BlackElo "1576"]
[WhiteTeam "El Salvador"]
[BlackTeam "Angola"]
[WhiteFideId "6700217"]
[BlackFideId "10100768"]
[EventDate "2014.08.02"]

1. e4 e5 2. Bc4 Bc5 3. Nf3 Nc6 4. O-O Nf6 5. d3 d6 6. h3 h6 7. c3 a6 8. a4 O-O
9. Nbd2 Re8 10. Re1 Bd7 11. Nf1 Qc8 12. Ng3 a5 13. Nh4 Be6 14. Bxe6 fxe6 15. Nh5
Qd8 16. Qf3 Nxh5 17. Qxh5 Rf8 18. Be3 Ba7 19. Bxa7 Nxa7 20. Re3 Rf6 21. Rg3 Qe8
22. Qg4 Qf7 23. Re1 Rf4 24. Rf3 Rxg4 25. Rxf7 Rxh4 26. Rxc7 Rb8 27. b4 axb4 28.
cxb4 Rf4 29. b5 Rf7 30. Rc3 Rc8 31. Rec1 Rxc3 32. Rxc3 Kf8 33. Rb3 Rc7 34. a5
Rc5 35. a6 b6 36. Kf1 Nxb5 37. a7 Nxa7 38. Rxb6 Nb5 39. g3 Nd4 40. Rxd6 Ke7 41.
Ra6 Rc3 42. Kg2 Rxd3 43. h4 Nb3 44. Ra3 Nc5 45. Ra7+ Rd7 46. Ra5 Nxe4 47. Rxe5
Rd4 48. Kf3 Nd6 49. Ra5 Kf6 50. Ra2 Rb4 51. Kg2 e5 52. Ra6 Rd4 53. Ra2 e4 54.
Ra3 Rd3 55. Ra2 e3 56. fxe3 Rxe3 57. Rf2+ Nf5 58. Kh2 Ke5 59. Rg2 Ke4 0-1

[Event "41st Olympiad Women 2014"]
[Site "Tromso NOR"]
[Date "2014.08.06"]
[Round "5.48"]
[Board "3"]
[White "Joao, Delfina"]
[Black "Avelar, Gabriela"]
[Result "0-1"]
[BlackTitle "WFM"]
[WhiteElo "1534"]
[BlackElo "1903"]
[WhiteTeam "Angola"]
[BlackTeam "El Salvador"]
[WhiteFideId "10100920"]
[BlackFideId "6700667"]
[EventDate "2014.08.02"]

1. e4 d6 2. d4 Nf6 3. Nc3 Nbd7 4. Nf3 e5 5. dxe5 dxe5 6. Bc4 Be7 7. Bd2 O-O 8.
O-O c6 9. Re1 b5 10. Bd3 Qc7 11. Be3 Nc5 12. h3 Nxd3 13. cxd3 Rd8 14. Qc2 b4 15.
Ne2 Ba6 16. d4 exd4 17. Nexd4 c5 18. Nf5 Bf8 19. Rac1 Bd3 20. Qa4 Nxe4 21. N5d4
Qb6 22. Ne2 Qf6 23. Ng3 Nxg3 24. fxg3 Qxb2 25. Bxc5 Rdc8 26. Bd4 Qa3 27. Qxa3
bxa3 28. Rxc8 Rxc8 29. Bxa7 f6 30. Rd1 Be2 31. Rd2 Bxf3 32. gxf3 Bb4 33. Re2 Bc3
34. Kf2 Bb2 35. Ke3 Rc3+ 36. Kd2 Rxf3 37. Bf2 Be5 0-1

[Event "41st Olympiad Women 2014"]
[Site "Tromso NOR"]
[Date "2014.08.06"]
[Round "5.48"]
[Board "4"]
[White "Melendez, Gabriela"]
[Black "Pires, Luzia"]
[Result "1-0"]
[WhiteTitle "WFM"]
[WhiteElo "1877"]
[BlackElo "1538"]
[WhiteTeam "El Salvador"]
[BlackTeam "Angola"]
[WhiteFideId "6700705"]
[BlackFideId "10101012"]
[EventDate "2014.08.02"]

1. d4 d5 2. c4 c6 3. b3 Bf5 4. Nf3 Bxb1 5. Rxb1 Qa5+ 6. Qd2 Qxd2+ 7. Bxd2 e6 8.
e3 Nf6 9. Bd3 Bd6 10. Ke2 O-O 11. Bc3 Nbd7 12. Rhc1 Rac8 13. b4 dxc4 14. Bxc4
Ne4 15. Ba1 Nb6 16. Bd3 Nf6 17. e4 Be7 18. Ne5 Rfd8 19. Nc4 Nxc4 20. Rxc4 Nd7
21. a3 Nb6 22. Rc2 Bf6 23. Ke3 Rd7 24. b5 cxb5 25. Rxc8+ Nxc8 26. Bxb5 Rc7 27.
Kd3 h6 28. Ba4 Nb6 29. Bb3 Kf8 30. Bc3 Be7 31. a4 Nd7 32. a5 Nf6 33. h3 Nh5 34.
g3 Rd7 35. e5 Bd8 36. Bd1 g6 37. Bb4+ Kg8 38. Ba4 Rd5 39. a6 bxa6 40. Bc6 Bb6
41. Bxd5 exd5 42. Bc5 Ba5 43. Ra1 Bc7 44. Rxa6 Ng7 45. Rxa7 Ne6 46. Bd6 Bb6 47.
Ra8+ Kg7 48. Be7 f6 49. Bxf6+ Kf7 50. Ra6 Bxd4 51. Rxe6 Kxe6 52. Kxd4 1-0

[Event "41st Olympiad Women 2014"]
[Site "Tromso NOR"]
[Date "2014.08.06"]
[Round "5.49"]
[Board "1"]
[White "Zsiltzova-Lisenko, Lubov"]
[Black "Garcia Morales, Ivette Ale"]
[Result "1-0"]
[WhiteTitle "WIM"]
[BlackTitle "WIM"]
[WhiteElo "2262"]
[BlackElo "2113"]
[WhiteTeam "IBCA"]
[BlackTeam "Mexico"]
[WhiteFideId "14101360"]
[BlackFideId "5105994"]
[EventDate "2014.08.02"]

1. e4 e6 2. d4 d5 3. e5 c5 4. c3 Nc6 5. Nf3 Qb6 6. a3 Bd7 7. b4 cxd4 8. cxd4 Rc8
9. Be3 Nh6 10. Bd3 Ng4 11. O-O g6 12. Nbd2 Nxe3 13. fxe3 Bh6 14. Qe2 Ne7 15. g4
Ba4 16. Rac1 O-O 17. Rc5 Rxc5 18. bxc5 Qa5 19. g5 Bg7 20. e4 b6 21. cxb6 axb6
22. Rc1 Rc8 23. Rxc8+ Nxc8 24. exd5 exd5 25. e6 Qc3 26. exf7+ Kxf7 27. Qe3 Qc7
28. Kg2 Ne7 29. Ne5+ Kg8 30. Qf4 Be8 31. Ndf3 Qc8 32. h4 Qe6 33. Ng4 Bd7 34.
Nf6+ Bxf6 35. gxf6 Nf5 36. Bxf5 Qxf5 37. Qb8+ Bc8 38. Qxb6 Qg4+ 39. Kf2 Qd7 40.
a4 h6 41. a5 g5 42. hxg5 hxg5 43. f7+ Kg7 44. Nxg5 Qf5+ 45. Nf3 Kxf7 46. a6 Qc2+
47. Kg3 Qg6+ 48. Qxg6+ Kxg6 49. Ne5+ Kf5 50. a7 Bb7 51. Nd7 Bc6 52. Kf3 Ke6 53.
Nb6 Kd6 54. a8=Q Bxa8 55. Nxa8 Kc6 56. Kf4 Kb7 57. Ke5 Kxa8 58. Kxd5 Kb7 59. Ke6
Kc7 60. d5 Kd8 61. Kd6 1-0

[Event "41st Olympiad Women 2014"]
[Site "Tromso NOR"]
[Date "2014.08.06"]
[Round "5.49"]
[Board "2"]
[White "Guerrero Rodriguez, Alejandra"]
[Black "Stolarczyk, Anna"]
[Result "1/2-1/2"]
[WhiteTitle "WIM"]
[BlackTitle "WCM"]
[WhiteElo "2089"]
[BlackElo "1994"]
[WhiteTeam "Mexico"]
[BlackTeam "IBCA"]
[WhiteFideId "5104297"]
[BlackFideId "1126423"]
[EventDate "2014.08.02"]

1. e4 c5 2. Nf3 e6 3. c3 d5 4. exd5 Qxd5 5. d4 Nf6 6. Na3 a6 7. Nc4 Nbd7 8. Be2
cxd4 9. cxd4 Bb4+ 10. Bd2 Bxd2+ 11. Qxd2 O-O 12. O-O b5 13. Ne3 Qd6 14. a4 b4
15. Nc4 Qe7 16. Nfe5 Bb7 17. Na5 Nxe5 18. dxe5 Ne4 19. Qe3 Bd5 20. Bf3 Qc7 21.
Nb3 Qc2 22. Nd4 Qd2 23. Qxd2 Nxd2 24. Bxd5 exd5 25. Rfd1 Nc4 26. Nc6 Nxb2 27.
Rxd5 b3 28. Rb1 Nxa4 29. Rxb3 Rfe8 30. Ra5 Rac8 31. Rxa4 Rxc6 32. g3 f6 33. exf6
Rxf6 34. Kg2 h6 35. f4 Re2+ 36. Kh3 Rc6 37. Rba3 Ree6 38. Kg4 Kf7 39. f5 Red6
40. h4 g6 41. Rf3 Rb6 42. fxg6+ Kxg6 43. h5+ Kg7 44. Rc3 Rb7 45. Rc5 Rdb6 46.
Rcc4 1/2-1/2

[Event "41st Olympiad Women 2014"]
[Site "Tromso NOR"]
[Date "2014.08.06"]
[Round "5.49"]
[Board "3"]
[White "Debowska, Teresa"]
[Black "Duran Juarez, Citlali"]
[Result "0-1"]
[WhiteTitle "FM"]
[BlackTitle "WCM"]
[WhiteElo "1708"]
[BlackElo "1982"]
[WhiteTeam "IBCA"]
[BlackTeam "Mexico"]
[WhiteFideId "1120816"]
[BlackFideId "5104084"]
[EventDate "2014.08.02"]

1. Nf3 d5 2. c4 e6 3. d4 Nf6 4. Nc3 Bb4 5. Qb3 c5 6. cxd5 exd5 7. a3 Bxc3+ 8.
bxc3 O-O 9. Bg5 c4 10. Qb2 Nc6 11. g3 h6 12. Bf4 Bg4 13. Bg2 Bxf3 14. Bxf3 Qd7
15. Bg2 Rfe8 16. O-O Re7 17. Rab1 Rae8 18. Rfe1 Qf5 19. Rbd1 Ne4 20. f3 Nf6 21.
Bc1 b6 22. e3 Na5 23. Qf2 Nb3 24. Bb2 b5 25. g4 Qg6 26. Re2 a5 27. h4 Rb7 28.
Bh3 b4 29. a4 Rbe7 30. h5 Nxh5 31. f4 Nf6 32. Qf3 Ne4 33. cxb4 axb4 34. Kh2 Qd6 0-1

[Event "41st Olympiad Women 2014"]
[Site "Tromso NOR"]
[Date "2014.08.06"]
[Round "5.49"]
[Board "4"]
[White "Roque Sola, Gisela"]
[Black "Valner, Shafiga"]
[Result "1-0"]
[WhiteTitle "WFM"]
[BlackTitle "WCM"]
[WhiteElo "1882"]
[BlackElo "1849"]
[WhiteTeam "Mexico"]
[BlackTeam "IBCA"]
[WhiteFideId "5120241"]
[BlackFideId "24161276"]
[EventDate "2014.08.02"]

1. c4 e5 2. Nc3 Nc6 3. Nf3 d6 4. g3 Nf6 5. Bg2 Be7 6. O-O O-O 7. Rb1 Bd7 8. b4
Qc8 9. Re1 h6 10. d3 Bh3 11. Bh1 Bg4 12. b5 Nd8 13. a4 Ne6 14. Ba3 Re8 15. a5
Rb8 16. Qa4 Nd7 17. Nd5 Nec5 18. Qc2 Bf8 19. Bxc5 Nxc5 20. Nd2 Bf5 21. Nb3 Ne6
22. Ne3 Bg6 23. Qa2 Be7 24. Nc2 Rd8 25. Nb4 Nc5 26. a6 bxa6 27. Nxc5 dxc5 28.
Nc6 Bd6 29. Nxb8 Qxb8 30. Qxa6 Bf5 31. Ra1 Re8 32. e4 Bd7 33. Qxa7 Qd8 34. Ra6
Qe7 35. Rea1 Rd8 36. b6 cxb6 37. Qxb6 Bc8 38. Ra8 Kf8 39. Qc6 Qe6 40. R1a6 Ke7
41. R6a7+ Kf6 42. Qb6 Re8 43. Qb2 Qg4 44. f3 Qe6 45. g4 Rh8 46. Qf2 g5 47. Bg2
Qe8 48. Bf1 Qd8 49. Qb2 Ke6 50. Be2 Re8 51. Bd1 Qf6 52. Qf2 Qf4 53. Ba4 Rd8 54.
Bc6 Qc1+ 55. Kg2 Qb1 56. Bd5+ Kf6 57. Rxf7+ Kg6 58. Raa7 Bf8 59. Qe2 Qb3 60.
Rfc7 Qb8 61. Rc6+ Bd6 62. Qa2 Bb7 63. Rxd6+ Rxd6 64. Rxb7 Qc8 65. Qa7 Qf8 66.
Rb6 Rf6 67. Qa6 Kg7 68. Rxf6 Qxf6 69. Qxf6+ Kxf6 70. Kg3 Kg6 71. h4 Kf6 72. h5
Ke7 73. Kf2 Kd6 74. Ke3 Kc7 75. Kd2 Kb6 76. Kc3 Ka5 77. Kb3 Ka6 78. Ka4 Kb6 79.
Bf7 Ka6 80. Be8 Kb6 81. Bb5 Kb7 82. Ka5 Kc7 83. Ka6 Kd6 84. Kb6 Ke6 85. Kxc5 Ke7
86. Kb6 Kd8 87. Kb7 Ke7 88. c5 1-0

[Event "41st Olympiad Women 2014"]
[Site "Tromso NOR"]
[Date "2014.08.06"]
[Round "5.50"]
[Board "1"]
[White "Melnik, Galina"]
[Black "Morales Santos, Natasha"]
[Result "1-0"]
[WhiteTitle "WIM"]
[BlackTitle "WCM"]
[WhiteElo "2017"]
[BlackElo "1726"]
[WhiteTeam "IPCA"]
[BlackTeam "Puerto Rico"]
[WhiteFideId "4121929"]
[BlackFideId "3101703"]
[EventDate "2014.08.02"]

1. d4 e6 2. c4 Nf6 3. Nf3 d5 4. Nc3 Be7 5. e3 Nbd7 6. Bd3 O-O 7. O-O b6 8. cxd5
exd5 9. b3 Re8 10. Bb2 Bb7 11. Rc1 Ne4 12. Qc2 Ndf6 13. Ne5 c5 14. Bb5 Rf8 15.
Bc6 Bxc6 16. Nxc6 Qc7 17. Nxe7+ Qxe7 18. dxc5 Nxc5 19. Rfd1 Rfd8 20. Qf5 Qe6 21.
Qf4 Rd7 22. b4 Nb7 23. Rd4 a5 24. b5 Rad8 25. Na4 h6 26. Ba3 Nd6 27. Rc6 Qf5 28.
Qxf5 Nxf5 29. Rd1 d4 30. e4 Ne7 31. Nxb6 Rb7 32. Bxe7 Rxe7 33. f3 Rb7 34. a4 Nd7
35. Nd5 Ne5 36. Rc5 Nd7 37. Rc4 d3 38. Ne7+ Kf8 39. Nc6 Rc8 40. Rxd3 Rbc7 41.
Rcd4 Ke8 42. f4 f6 43. e5 fxe5 44. fxe5 Nc5 45. Rc3 Ne6 46. Rd6 Nd8 47. Kf2 Nb7
48. Rd4 Rf7+ 49. Ke3 Rf1 50. Ke2 Rf5 51. Rcd3 Rc7 52. e6 1-0

[Event "41st Olympiad Women 2014"]
[Site "Tromso NOR"]
[Date "2014.08.06"]
[Round "5.50"]
[Board "2"]
[White "Vega Jimenez, Keyshla M."]
[Black "Kurochkina, Elena"]
[Result "1-0"]
[WhiteElo "1664"]
[BlackElo "1797"]
[WhiteTeam "Puerto Rico"]
[BlackTeam "IPCA"]
[WhiteFideId "3101851"]
[BlackFideId "24145890"]
[EventDate "2014.08.02"]

1. e4 e6 2. d4 d5 3. Nd2 Nf6 4. e5 Nfd7 5. Bd3 c5 6. c3 Nc6 7. Ngf3 cxd4 8. cxd4
Be7 9. O-O O-O 10. Re1 f6 11. exf6 Nxf6 12. Nb3 Qb6 13. Ne5 Nxe5 14. dxe5 Ng4
15. Be3 Nxe3 16. Rxe3 Rf7 17. Qh5 g6 18. Bxg6 hxg6 19. Qxg6+ Rg7 20. Qe8+ Bf8
21. Rc1 d4 22. Rf3 Qb4 23. Nc5 Qd2 24. Rxf8+ 1-0

[Event "41st Olympiad Women 2014"]
[Site "Tromso NOR"]
[Date "2014.08.06"]
[Round "5.50"]
[Board "3"]
[White "Kaydanovich, Marina"]
[Black "Comas Colon, Rinelly M."]
[Result "1/2-1/2"]
[WhiteTitle "WIM"]
[BlackTitle "WFM"]
[WhiteElo "1851"]
[BlackElo "1762"]
[WhiteTeam "IPCA"]
[BlackTeam "Puerto Rico"]
[WhiteFideId "4134877"]
[BlackFideId "3101576"]
[EventDate "2014.08.02"]

1. d4 g6 2. e4 Bg7 3. c4 c5 4. Nf3 Nc6 5. d5 Nd4 6. Nc3 d6 7. h3 e6 8. Nb5 Nxb5
9. cxb5 exd5 10. exd5 Qe7+ 11. Be2 Nf6 12. O-O O-O 13. Re1 Qe4 14. Ng5 Qxd5 15.
Qxd5 Nxd5 16. Rd1 Re8 17. Kf1 Be6 18. Bf3 Bd4 19. a4 Rad8 20. Ra3 Kg7 21. Ne4
Nb4 22. Kg1 h6 23. Ng3 Rd7 24. Ne2 Be5 25. Nf4 Bc4 26. Bd5 Nxd5 27. Nxd5 Bd4 28.
Ne3 Be6 29. Rad3 f5 30. b3 Rde7 31. Nc2 Bd5 32. Nxd4 cxd4 33. Bb2 Re1+ 34. Rxe1
Rxe1+ 35. Kh2 Kf7 36. Bxd4 Rb1 37. Bxa7 Ke6 38. Bb8 Rxb3 39. Rxb3 Bxb3 40. a5
Bc4 41. b6 Kd5 42. Kg3 g5 43. h4 Bf1 44. hxg5 hxg5 45. Kf3 g4+ 46. Kf4 Bd3 47.
Ke3 Bb1 48. Bc7 Kc6 49. Kd4 d5 50. Bf4 Be4 51. g3 Kb5 52. Bd2 Kc6 53. Bc3 Kd6 1/2-1/2

[Event "41st Olympiad Women 2014"]
[Site "Tromso NOR"]
[Date "2014.08.06"]
[Round "5.50"]
[Board "4"]
[White "Rivera Negron, Yanira"]
[Black "Konkolova, Nikola"]
[Result "1-0"]
[WhiteElo "1603"]
[BlackElo "1481"]
[WhiteTeam "Puerto Rico"]
[BlackTeam "IPCA"]
[WhiteFideId "3101177"]
[BlackFideId "14924242"]
[EventDate "2014.08.02"]

1. c4 e5 2. g3 Bc5 3. Bg2 c6 4. e3 Nf6 5. Nc3 a6 6. Nge2 b5 7. cxb5 axb5 8. Nxb5
Qb6 9. Nbc3 O-O 10. O-O Ba6 11. Re1 d5 12. d4 Bxe2 13. Nxe2 exd4 14. exd4 Bd6
15. Qc2 Re8 16. Be3 Nbd7 17. a3 Ng4 18. Nc3 Re6 19. Bh3 Rg6 20. Bxg4 Rxg4 21.
Qf5 Nf6 22. b4 Re8 23. Bg5 Rxe1+ 24. Rxe1 Qxd4 25. Bxf6 gxf6 26. Ne2 Qc4 27.
Qxf6 Bf8 28. Nf4 Bg7 29. Re8+ Bf8 30. Rxf8+ Kxf8 31. Ne6+ 1-0

[Event "41st Olympiad Women 2014"]
[Site "Tromso NOR"]
[Date "2014.08.06"]
[Round "5.54"]
[Board "2"]
[White "Arbona Avila, Zaily M."]
[Black "Ortiz, Rosa Daniela"]
[Result "1/2-1/2"]
[BlackTitle "WCM"]
[WhiteElo "1526"]
[BlackElo "1540"]
[WhiteTeam "Aruba"]
[BlackTeam "Honduras"]
[WhiteFideId "15900053"]
[BlackFideId "8400547"]
[EventDate "2014.08.02"]

1. e4 e5 2. Nf3 Nc6 3. Bb5 Bc5 4. c3 Nge7 5. O-O O-O 6. Re1 Re8 7. h3 a6 8. Ba4
Ng6 9. d3 b5 10. Bb3 Bb7 11. Bxf7+ Kxf7 12. Ng5+ Kg8 13. Qh5 Nf8 14. Qf7+ Kh8
15. Qd5 Bxf2+ 16. Kf1 Re7 17. Kxf2 Qe8 18. Qc5 Ne6 19. Qe3 Qg6 20. Nxe6 Rxe6 21.
Qg5 Qxg5 22. Bxg5 b4 23. Nd2 Rf8+ 24. Kg1 h6 25. Be3 a5 26. Rf1 Ref6 27. Rac1
Ba6 28. c4 d6 29. b3 Kh7 30. Rf3 g5 31. Rcf1 Kg6 32. Rxf6+ 1/2-1/2

[Event "41st Olympiad Women 2014"]
[Site "Tromso NOR"]
[Date "2014.08.06"]
[Round "5.54"]
[Board "3"]
[White "Fernandez, Mirna Graciela"]
[Black "Jacobs, Annelaine"]
[Result "0-1"]
[BlackTitle "WCM"]
[WhiteElo "1521"]
[BlackElo "1680"]
[WhiteTeam "Honduras"]
[BlackTeam "Aruba"]
[WhiteFideId "8400482"]
[BlackFideId "15900177"]
[EventDate "2014.08.02"]

1. e4 c5 2. Nf3 d6 3. d4 cxd4 4. Nxd4 Nf6 5. Nc3 g6 6. Bc4 Bg7 7. O-O O-O 8. Be3
Nc6 9. h3 a6 10. a4 Qc7 11. Bb3 Bd7 12. Qd2 Na5 13. Rac1 Rac8 14. Nde2 Nc4 15.
Bxc4 Qxc4 16. b3 Qb4 17. Qd3 Bc6 18. Ng3 Nd7 19. Nd5 Bxd5 20. Qxd5 Bb2 21. Bh6
Rfe8 22. Bd2 Qc5 23. Qxb7 Bxc1 24. Rxc1 Qc6 25. Qxc6 Rxc6 26. f4 Rec8 27. c3 Nc5
28. Rb1 Rb8 29. Ne2 Nxe4 30. Nd4 Rcc8 31. Be1 Nxc3 32. Rc1 Nd5 33. Rd1 Nxf4 34.
Kf2 e5 0-1

[Event "41st Olympiad Women 2014"]
[Site "Tromso NOR"]
[Date "2014.08.06"]
[Round "5.56"]
[Board "3"]
[White "Kigeni, Grace"]
[Black "Mena, Ailen Oriana"]
[Result "0-1"]
[WhiteElo "1676"]
[BlackElo "1681"]
[WhiteTeam "Uganda"]
[BlackTeam "Netherlands Antilles"]
[WhiteFideId "10000313"]
[BlackFideId "3902773"]
[EventDate "2014.08.02"]

1. d4 d5 2. Nf3 Nf6 3. e3 Bg4 4. Nbd2 e6 5. c4 Be7 6. Qb3 b6 7. Ne5 O-O 8. Nxg4
Nxg4 9. Be2 Nf6 10. O-O Nc6 11. cxd5 Na5 12. Qc2 exd5 13. Nf3 Bd6 14. Bd2 Nb7
15. Qc6 Rb8 16. Ba6 Qc8 17. Rac1 Re8 18. Rc2 Re6 19. Qb5 Qd7 20. Qe2 c5 21. Bd3
Ne4 22. b3 Rh6 23. Rfc1 Qc7 24. g3 Qd7 25. Qf1 Qg4 26. Be2 Qh5 27. Be1 Re8 28.
Nh4 Qg5 29. Nf3 Qf6 30. Qg2 Nd8 31. Bb5 Re7 32. Be2 Ne6 33. Bc3 Nxc3 34. Rxc3
Re8 35. Bb5 Rd8 36. Bd3 cxd4 37. exd4 Nxd4 38. Nxd4 Qxd4 39. Rc8 Rxc8 40. Rxc8+
Bf8 41. Qf1 Rf6 42. Bxh7+ Kxh7 43. Rxf8 Qc5 44. Qh3+ Rh6 45. Qf5+ Rg6 46. Qxf7
Rf6 47. Qh5+ Rh6 48. Qf5+ Rg6 49. h4 d4 50. Qxc5 bxc5 51. Rd8 Ra6 52. a4 Rb6 53.
Rd5 Rxb3 54. Rxc5 Ra3 55. a5 d3 56. Rd5 d2 57. Rxd2 Rxa5 58. Rd6 Ra2 59. Kg2 Ra3
60. g4 Ra4 61. Kg3 Ra3+ 62. f3 Ra4 63. g5 Ra1 64. Kg4 g6 65. Rd7+ Kg8 66. Rd4
Rg1+ 67. Kf4 Ra1 68. Ke4 Ra3 69. Kf4 a5 70. Kg4 a4 71. Rd7 Ra1 72. Ra7 a3 73.
Kg3 a2 74. Kg2 Kh8 75. f4 Kg8 76. f5 gxf5 77. g6 f4 78. h5 f3+ 79. Kf2 Rh1 80.
Rxa2 Rh2+ 81. Kxf3 Rxa2 82. h6 Ra6 0-1

[Event "41st Olympiad Women 2014"]
[Site "Tromso NOR"]
[Date "2014.08.06"]
[Round "5.56"]
[Board "4"]
[White "Salim-Moussa, Seydi"]
[Black "Mutesi, Phiona"]
[Result "0-1"]
[WhiteTitle "WCM"]
[BlackTitle "WCM"]
[WhiteElo "1724"]
[BlackElo "1632"]
[WhiteTeam "Netherlands Antilles"]
[BlackTeam "Uganda"]
[WhiteFideId "7500440"]
[BlackFideId "10000399"]
[EventDate "2014.08.02"]

1. e4 c5 2. Nf3 d6 3. h3 g6 4. c3 Bg7 5. d4 cxd4 6. cxd4 Nc6 7. Nc3 a6 8. Be3 b5
9. Bd3 Bb7 10. O-O Nf6 11. a3 O-O 12. Qd2 Rc8 13. b4 Nd7 14. Rac1 e6 15. Bh6 Qe7
16. Rfe1 Rc7 17. d5 Nce5 18. Nxe5 Nxe5 19. Bxg7 Kxg7 20. f4 Nxd3 21. Qxd3 Rfc8
22. Qd4+ Kg8 23. Red1 Rc4 24. Qd3 exd5 25. exd5 Qf6 26. Ne4 Qxf4 27. Rxc4 Rxc4
28. Ng3 Rc1 29. Ne2 Rxd1+ 30. Qxd1 Qc4 31. Qd4 Qxe2 0-1